Word Ladder: U2 Singer Quiz Stats

 Plays Quiz Updated Apr 27, 2013

Support Sporcle.
Go Orange.
Score 0/12 Timer 01:00
3 Plays Today
Clue 4-Letter Word % Correct
Stage name of the lead singer of U2BONO
90.4%
The side of a riverBANK
88.8%
Coccyx, cranium or clavicle, e.g.BONE
85.1%
Sharpen one's skillsHONE
83.2%
Toot your hornHONK
78.9%
Hit over the head with an objectBONK
78.8%
Sherman or Panzer, e.g.TANK
69.2%
Ancient FranceGAUL
56.9%
Lead singer of U2 ____ HewsonPAUL
56%
David Sedaris' 'Me ___ Pretty One Day'TALK
52.4%
Having much altitudeTALL
51.6%
BileGALL
50.5%

Today's Daily Dose

You're not logged in!

Compare scores with friends on all Sporcle quizzes.
OR
Log In

From the Vault

Sort the Bordering Countries: Europe II

by Jordi38

Not to be confused with countries that 'sort of' border Europe.
Remove Ads.
Support Sporcle.
Get the best of Sporcle when you Go Orange. This ad-free experience offers more features, more stats, and more fun while also helping to support Sporcle. Thank you for becoming a member.

Show Comments

Extras

Top Quizzes Today


Score Distribution

Your Account Isn't Verified!

In order to create a playlist on Sporcle, you need to verify the email address you used during registration. Go to your Sporcle Settings to finish the process.

Report this User

Report this user for behavior that violates our Community Guidelines.

Details: